MARC

LEADER 00000nam1a2200000 4500
001 299724
005 20231102001230.0
020 |a RU  |b 83-224 
035 |a (RuTPU)RU\TPU\book\324876 
090 |a 299724 
100 |a 20150702d1982 km y0rusy5003 ca 
101 0 |a rus 
200 1 |a Помехоустойчивость приема пространственно-временных сигналов  |e межвузовский сборник научных трудов  |f Воронежский государственный университет ; под ред. И. Я. Кремера 
210 |a Воронеж  |c Изд-во Воронеж. ун-та  |d 1982 
215 |a 163 с.  |c ил. 
320 |a Библиогр. в конце ст. 
606 1 |a Каналы связи  |x Помехоустойчивость  |2 stltpush  |3 (RuTPU)RU\TPU\subj\13723  |9 40293 
610 1 |a электрические сигналы 
610 1 |a пространственно-временная сигналы 
610 1 |a многоканальные установки 
610 1 |a адаптивные устройства 
610 1 |a волновые фронты 
610 1 |a следящие измерители 
610 1 |a сигналы 
610 1 |a различение 
610 1 |a длительность 
610 1 |a помехи 
675 |a 621.391.82  |z rus  |v 3 
702 1 |a Кремер  |b И. Я.  |g Илья Яковлевич  |4 340 
712 0 2 |a Воронежский государственный университет  |2 stltpush  |3 (RuTPU)RU\TPU\col\4805  |9 24026 
801 0 |a RU  |b RuMRKP  |c 19950704  |g psbo 
801 1 |a RU  |b 63413507  |c 20150702 
801 2 |a RU  |b 63413507  |c 20211202  |g RCR 
942 |c BK